| 000 | 00612nam a2200193 a 4500 | ||
|---|---|---|---|
| 005 | 20210223123716.0 | ||
| 008 | 991125s1943 mx 000 0 spa u | ||
| 035 | _aUPN01000058438 | ||
| 049 | _aCG | ||
| 050 | 4 |
_aPQ8549 P5 _bV52 |
|
| 100 | 1 |
_aPicón-Salas, Mariano, _d1901-1965 _929858 |
|
| 245 | 1 | 0 |
_aViaje al amanecer / _cMariano Picón-Salas ; pról. de E. Abreu Gómez. |
| 260 |
_aMéxico : _bMensaje, _c1943. |
||
| 300 | _a201 p. | ||
| 440 | 0 | _aSelección hispanoamericana | |
| 600 | 1 | 4 |
_aPICON-SALAS, MARIANO, _d1901-1965 - _xCRITICA E INTERPRETACION |
| 650 | 4 |
_aNOVELA VENEZOLANA _914312 |
|
| 905 | _aLibro | ||
| 999 |
_c58438 _d58438 |
||